000 00661nam a2200241Ia 4500
003 OSt
005 20221007081832.0
006 a|||||r|||| 00| 0
007 ta
008 221006b |||||||| |||| 00| 0 eng d
024 _a23,929
037 _cTextual
040 _aFLL
_cFLL
_beng
041 _2eng
_aeng
082 _aZ2,2,4140aX72, L7.2
100 _aPitambare S.R.
_9243271
245 0 _aTrusts public and private with direct taxes
250 _a1st
260 _aPune
_bS.S. Pitambare India
_c1978
300 _axvi,1-655p
_ccm.
942 _hZ2,2,4140aX72, L7.2
_cTEXL
_2CC
999 _c1164435
_d1164435